De Díaz Miron a Rubén Darío: un curso en la Universidad de Chile sobre la evolucion de la poesia Hispano Americana

Saved in:
Bibliographic Details
Main Author: Meza Fuentes, Roberto (autor)
Format: Book
Language:Spanish
Published: Santiago Nascimento 1940
Series:Obras Poéticas
Subjects:
Tags: Add Tag
No Tags, Be the first to tag this record!

MARC

LEADER 00000nam a2200000 a 4500
001 UCY9249
003 CL-VaPUC
008 950713e19400000CL |||||||||||||||||spa|d
082 0 4 |a H861.09  |b MEZ  |2 21 
100 |a Meza Fuentes, Roberto  |e autor  |9 351431 
245 1 0 |a De Díaz Miron a Rubén Darío: un curso en la Universidad de Chile sobre la evolucion de la poesia Hispano Americana 
300 |a 354 p 
942 |c BK 
945 |d 19950713 00:00:00  |a rbrito 
260 |a Santiago  |b Nascimento  |c 1940 
600 0 7 |a DIAZ MIRON, SALVADOR DE  |2 CL-VaPUC  |9 341327 
600 0 7 |a GUTIERREZ NAJERA, MANUEL  |2 CL-VaPUC  |9 341328 
600 0 |a Martí, José,   |d 1853-1895  |9 475873 
600 0 7 |a SILVA, JOSE ASUNCION  |2 CL-VaPUC  |9 341329 
600 0 7 |a DARIO, RUBEN  |2 CL-VaPUC  |9 268402 
650 7 |a POESIA HISPANOAMERICANA  |2 CL-VaPUC  |9 267889 
650 0 |a Crítica literaria   |9 269189 
583 |a last modification  |c 19950713 00:00:00  |k Rodrigo Vera 
490 0 |a Obras Poéticas 
999 |c 236374  |d 236372 
952 |0 0  |1 0  |4 0  |6 H_861_090000000000000_MEZ_1940  |7 0  |8 A  |9 244431  |a BIBEDU  |b BIBEDU  |d 2019-11-18  |i 3101673  |o H861.09 MEZ 1940  |p 3101673  |r 2019-11-18  |w 2019-11-18  |y BK  |k LIT